Statystyki dla 15 największych miast w województwie lubelskim

Kliknij tutaj aby rozwiązać quiz!

Ogólne statystyki

  • Ten quiz został rozwiązany 48 razy
  • Średni wynik to 10 z 15

Statystyki odpowiedzi

MieszkańcyMiasto% Poprawnych
339 547Lublin
100%
63 223Zamość
93%
61 588Chełm
86%
47 226Puławy
81%
57 194Biała Podlaska
72%
34 148Kraśnik
70%
17 401Hrubieszów
67%
18 523Krasnystaw
67%
39 016Świdnik
67%
26 245Biłgoraj
65%
29 621Łuków
58%
21 755Lubartów
56%
18 941Tomaszów Lubelski
56%
18 781Łęczna
53%
16 737Międzyrzec Podlaski
28%

Rozkład punktacji

Percentyl według liczby udzielonych odpowiedzi

Procent ludzi z każdym wynikiem

Twoja historia wyników

Nie rozwiązałeś tego quizu